000 00514nam a2200181Ia 4500
005 20231010092920.0
008 131103s9999 xx 000 0 und d
040 _aLoreto College
041 _aEnglish
082 _a709.011
_bSAY
100 _aSayee,R.U.
245 _aPrimitive Arts and Crafts
_b an introduction to the study of material culture
_cR.U.Sayee
260 _aCambridge
_bUniversity Press
_c1933
300 _axiii,291 p.
_b 58 illus.
650 _aArt - History
850 _aLCLIB
942 _cBK
999 _c17317
_d67796